| 000 | 00469nam a22001697a 4500 | ||
|---|---|---|---|
| 999 |
_c526249 _d526249 |
||
| 003 | NUST | ||
| 020 | _qHardcover. | ||
| 038 | _aMr, Zahoor | ||
| 082 | _a510 | ||
| 100 |
_aShuja, Sidra _917218 |
||
| 245 |
_aNumerical Solution for Compressible Flows / _cSidra Shuja |
||
| 260 |
_aIslamabad : _bSNS - NUST, _c2015. |
||
| 300 |
_a71 p. :ill. ; _c30cm. |
||
| 650 |
_aMathematics - M. Phil Thesis _916594 |
||
| 700 |
_aDr. Muhammad Asif Farooq _916455 |
||
| 942 |
_2ddc _cTHE |
||